000 00661nam a2200241 4500
003 OSt
005 20260601193902.0
008 260508b1974 |||a|||| |||| 001 0 eng d
020 _a376011726
040 _aICI
_bspa
_cICI
_erda
050 _aTT180
_bC63
100 _aClark, David E.
_eautor
_933984
245 _aFurniture You Can Make
264 _aSunset Books
_b1974
_cMenlo Park, California
300 _a95 páginas
336 _2rdacontent
_atexto
337 _2rdamedia
_asin medio
338 _2rdacarrier
_avolumen
650 _aMuebles
_xConstrucción
_933985
650 _aCarpintería
650 _aTrabajo en madera
_933987
942 _2lcc
_n1
_cB
999 _c22263
_d22263